000 00691nam a22001937a 4500
999 _c187596
_d187596
005 20220425134408.0
010 _aUR-11525
020 _c200.00
_a9788193911518
035 _aU-10080
037 _bDBAD/PUB
_a-
082 _a841
_2Ist
100 _aمصحف ا قبا ل تو صيفی
245 _aر ا ت خيا لو ں ميں گم
_c مصحف ا قبا ل تو صيفی
_hا ر د و
246 _bRaat Khyalon Mein Gum (Urdu)
_aby Mushaf Iqbal Tousifi
260 _aTilangana
_bAl-Ansar Publications
_c2019 ء
270 _aRiyasat Nagar ,Jamal Colony,
_bHyderabad
_e059
_k09391301192
_l-
300 _a120 ص
_c22 Cm(Hb)
942 _2ddc
_cUR
_h841
_mم ص ح